header

Object -oriented modeling and design (Record no. 253374)

MARC details
000 -LEADER
fixed length control field 00368nam a22001457a 4500
003 - CONTROL NUMBER IDENTIFIER
control field OSt
005 - DATE AND TIME OF LATEST TRANSACTION
control field 20160509151800.0
008 - FIXED-LENGTH DATA ELEMENTS--GENERAL INFORMATION
fixed length control field 160509b xxu||||| |||| 00| 0 eng d
020 ## - INTERNATIONAL STANDARD BOOK NUMBER
International Standard Book Number 0136298419
040 ## - CATALOGING SOURCE
Transcribing agency N/A
100 ## - MAIN ENTRY--PERSONAL NAME
Personal name James Rumbaugh at al
245 ## - TITLE STATEMENT
Title Object -oriented modeling and design
260 ## - PUBLICATION, DISTRIBUTION, ETC. (IMPRINT)
Place of publication, distribution, etc New Jersey
Name of publisher, distributor, etc Prentice hall lnc
Date of publication, distribution, etc 1991
942 ## - ADDED ENTRY ELEMENTS (KOHA)
Source of classification or shelving scheme Library of Congress Classification
Koha item type Long Loan Books
Holdings
Withdrawn status Lost status Source of classification or shelving scheme Damaged status Not for loan Home library Current library Date acquired Total Checkouts Full call number Barcode Date last seen Price effective from Koha item type
    Library of Congress Classification     Rongo University Library Rongo University Library 09/05/2016   QA76.64 O26 1991 201611957 09/05/2016 09/05/2016 Long Loan Books

© 2026 Rongo University
Contact us: librarian | system librarian | Rongo university